| 000 | 00419nam a22001217a 4500 | ||
|---|---|---|---|
| 082 | _a200 THE | ||
| 100 |
_aMuhammad Mohsin Malik _969843 |
||
| 245 | _aTH-SOF-1306-Preprocessing and Noise Removal from Optical Coherence Tomography Images | ||
| 260 |
_aIslamabad _bNUST College of EME _c2016 |
||
| 650 |
_a MS-COMPUTER ENGINEERING-73 MSTHESIS _969844 |
||
| 700 |
_aSupervisor Dr. Muhammad Usman Akram _969721 |
||
| 942 | _cCF | ||
| 999 |
_c576946 _d576946 |
||